header

African theatre for development (Record no. 24088)

MARC details
000 -LEADER
fixed length control field 01203nam a2200325Ia 4500
245 00 - TITLE STATEMENT
Title African theatre for development
260 ## - PUBLICATION, DISTRIBUTION, ETC. (IMPRINT)
Place of publication Exeter :
Name of publisher Intellect,
Year of publication 1998.
300 ## - PHYSICAL DESCRIPTION
Number of Pages 194 p.
650 #0 - SUBJECT ADDED ENTRY--TOPICAL TERM
Topical Term Theater and society
Topical Term Community development
700 1# - ADDED ENTRY--PERSONAL NAME
Personal name Salhi, Kamal.
856 40 - ELECTRONIC LOCATION AND ACCESS
Uniform Resource Identifier http://site.ebrary.com/lib/rucke/Doc?id=10019954

No items available.

© 2026 Rongo University
Contact us: librarian | system librarian | Rongo university